Statystyki dla Kraje według języków urzędowych

Kliknij tutaj aby rozwiązać quiz!

Ogólne statystyki

  • Ten quiz został rozwiązany 99 razy
  • Średni wynik to 11 z 20

Statystyki odpowiedzi

Języki urzędoweKraj% Poprawnych
DuńskiDania
100%
Niderlandzki, francuski, niemieckiBelgia
85%
Hindi, angielskiIndie
75%
HebrajskiIzrael
75%
Niemiecki, francuski, włoski, romańskiSzwajcaria
74%
Angielski, afrikaans, zulu, pozostałe...Republika Południowej Afryki
67%
Włoski, łacińskiWatykan
67%
Arabski, kurdyjskiIrak
64%
Grecki, tureckiCypr
63%
KatalońskiAndora
57%
KhmerskiKambodża
45%
Paszto, perskiAfganistan
42%
Malgaski, francuskiMadagaskar
40%
Angielski, malajski, chiński, tamilskiSingapur
38%
Angielski, UrduPakistan
36%
Syngaleski, tamilskiSri Lanka
34%
AmharskiEtiopia
32%
Angielski, maoryjskiNowa Zelandia
32%
Tagalski, angielskiFilipiny
28%
Sotho, angielskiLesotho
25%

Rozkład punktacji

Percentyl według liczby udzielonych odpowiedzi

Procent ludzi z każdym wynikiem

Twoja historia wyników

Nie rozwiązałeś tego quizu